It looks like you're offline.
Open Library logo
additional options menu

MARC record from Internet Archive

LEADER: 03625cam a2200433 a 4500
001 6625545
005 20221122043205.0
008 010919t20022002mnu b 011 0 eng
010 $a 2001050266
020 $a0814650945 (alk. paper)
020 $a9780814650943 (alk. paper)
024 $a99820407712
035 $a(OCoLC)48045866
035 $a(OCoLC)ocm48045866\
035 $a(NNC)6625545
035 $a6625545
040 $aDLC$cDLC$dC#P$dGGN$dBAKER$dBTCTA$dLVB$dYDXCP$dOrLoB-B
041 1 $aeng$hger
050 00 $aBS521.4$b.G7413 2002
082 00 $a230/.082$221
130 0 $aGrenzgängerInnen.$lEnglish.
245 10 $aTransgressors :$btoward a feminist biblical theology /$cClaudia Janssen, Ute Ochtendung, and Beate Wehn, editors ; translated by Linda M. Maloney.
260 $aCollegeville, Minn. :$bLiturgical Press,$c[2002], ©2002.
300 $axiv, 182 pages ;$c23 cm
336 $atext$btxt$2rdacontent
337 $aunmediated$bn$2rdamedia
505 00 $t"Your People Shall Be My People, and Your God My God." The Shared Life of Ruth and Naomi as a Model for Women Transgressing Intercultural Boundaries /$rChristiane Rosener -- $tLiving with the Torah. A Conversation with Rabbi Beruriah /$rStefanie Muller -- $t"I Am a Handmaid of the Living God!" The Apostle Thecla and the Consequences of Transgression /$rBeate Wehn -- $tPaul: Walking the Line Between Traditions and Ages /$rClaudia Janssen -- $tLiving Water: Elements of a Feminist Proclamation According to John 4 /$rMarlene Crusemann -- $tPeter: A Transgressor in His Own Time /$rDagmar Henze -- $tThe Slave Woman's Challenge to Peter /$rIrene Dannemann -- $tDomitia, Marcia, and the Nameless Smuggler: Pearl Dealers in the Roman Empire /$rSigrid Lampe-Densky -- $tThe Agunah, the Bound Wife: A Transgressive Woman in Jewish Law and Her Significance for Early Christian Communities /$rLuzia Sutter Rehmann -- $t"Do Justice for Me!" /$rSigrun Wetzlaugk -- $tLife Calls for Triumph and Celebration /$rIvoni Richter Reimer -- $t"Women's Movements" and "Women's Theology." Social Change in South Korea between Tradition and Postmodernity /$rChoon-Ho You-Martin -- $tOn Getting Out of One's Skin: Depictions of White Femininity in Film /$rEske Wollrad -- $t"Dynamis and Womanpower." An Investigation of the Concept of dynamis in the Gospels and Paul /$rUlrike Metternich -- $t"What we will be has not yet been revealed." An Archaeology of Seeing in John 9 /$rMartina S. Gnadt -- $tProtecting and Holding: Pastoral Companionship for Cancer Patients in a Multidisciplinary Team /$rHanna Kreisel-Liebermann -- $tWritten in Their Bodies: On the Significance of Rituals in Caring for AIDS Patients /$rAndrea Bieler -- $tGod's Answer to Job /$rWilhelm Schwendemann -- $tProblem Girls: A Transgressive Reading of the Parable of the Ten Virgins (Matthew 25:1-13) /$rBettina Eltrop.
500 $aFestschrift for Luise Schottroff.
500 $a"A Michael Glazier book."
504 $aIncludes bibliographical references and index.
630 00 $aBible$xFeminist criticism.$0http://id.loc.gov/authorities/subjects/sh93004310
650 0 $aFeminist theology.$0http://id.loc.gov/authorities/subjects/sh88003717
630 06 $aBible$xCritique féministe.
650 6 $aThéologie féministe.
700 1 $aJanssen, Claudia.$0http://id.loc.gov/authorities/names/no99031696
700 1 $aOchtendung, Ute.$0http://id.loc.gov/authorities/names/n2001090328
700 1 $aWehn, Beate.$0http://id.loc.gov/authorities/names/no99031697
700 1 $aSchottroff, Luise.$0http://id.loc.gov/authorities/names/n82256910
852 00 $buts$hBS521.4$i.G7413 2002